<?xml version="1.0" encoding="UTF-8"?>
<record
    xmlns:xsi="http://www.w3.org/2001/XMLSchema-instance"
    xsi:schemaLocation="http://www.loc.gov/MARC21/slim http://www.loc.gov/standards/marcxml/schema/MARC21slim.xsd"
    xmlns="http://www.loc.gov/MARC21/slim">

  <leader>01101nam a22002295i 4500</leader>
  <controlfield tag="001">158075</controlfield>
  <controlfield tag="003">ES-MaACL</controlfield>
  <controlfield tag="005">20250902063111.0</controlfield>
  <controlfield tag="008">040823s1898    sp           |||| | spa d</controlfield>
  <datafield tag="040" ind1=" " ind2=" ">
    <subfield code="a">CAM </subfield>
    <subfield code="b">spa </subfield>
    <subfield code="c">CAM</subfield>
  </datafield>
  <datafield tag="100" ind1="1" ind2=" ">
    <subfield code="a">L&#xF3;pez Silva, Jos&#xE9;, </subfield>
    <subfield code="d">1861-1925</subfield>
    <subfield code="9">73986</subfield>
  </datafield>
  <datafield tag="245" ind1="1" ind2="3">
    <subfield code="a">La revoltosa </subfield>
    <subfield code="b">: sainete l&#xED;rico en un acto dividido en tres cuadros y en verso / </subfield>
    <subfield code="c">original de Jose L&#xF3;pez Silva y Carlos Fernandez Shaw ; m&#xFA;sica del maestro Chap&#xED;.</subfield>
  </datafield>
  <datafield tag="250" ind1=" " ind2=" ">
    <subfield code="a">7&#xAA; ed.</subfield>
  </datafield>
  <datafield tag="260" ind1=" " ind2=" ">
    <subfield code="a">Madrid : </subfield>
    <subfield code="b">[Arregui y Aruej editores], </subfield>
    <subfield code="c">1898 (</subfield>
    <subfield code="f">R. Velasco impresor)</subfield>
  </datafield>
  <datafield tag="300" ind1=" " ind2=" ">
    <subfield code="a">65 p. : </subfield>
    <subfield code="b">il. ; </subfield>
    <subfield code="c">19 cm.</subfield>
  </datafield>
  <datafield tag="500" ind1=" " ind2=" ">
    <subfield code="a">En port.: Estrenado en el teatro de Apolo la noche del 25 de noviembre de 1897.</subfield>
  </datafield>
  <datafield tag="596" ind1=" " ind2=" ">
    <subfield code="a">Ed. tomado de pie de imp. de la cub. original.</subfield>
  </datafield>
  <datafield tag="700" ind1="1" ind2=" ">
    <subfield code="a">Fern&#xE1;ndez-Shaw, Carlos,</subfield>
    <subfield code="d">1865-1911</subfield>
    <subfield code="9">50098</subfield>
  </datafield>
  <datafield tag="700" ind1="1" ind2=" ">
    <subfield code="a">Chap&#xED;, Ruperto,</subfield>
    <subfield code="d">1851-1909</subfield>
    <subfield code="9">38014</subfield>
  </datafield>
  <datafield tag="852" ind1=" " ind2=" ">
    <subfield code="a">ES-MaACL</subfield>
    <subfield code="j">F-8635(4) </subfield>
    <subfield code="z">-- Enc. pasta espa&#xF1;ola conservando la cub. original</subfield>
    <subfield code="z">-- -Enc. en un vol. facticio formando parte de la col. facticia "Teatro espa&#xF1;ol moderno", vol. 90</subfield>
  </datafield>
  <datafield tag="999" ind1=" " ind2=" ">
    <subfield code="c">158075</subfield>
    <subfield code="d">158075</subfield>
  </datafield>
  <datafield tag="952" ind1=" " ind2=" ">
    <subfield code="0">0</subfield>
    <subfield code="1">0</subfield>
    <subfield code="4">0</subfield>
    <subfield code="7">0</subfield>
    <subfield code="8">LIBXIX</subfield>
    <subfield code="a">ATENEOM</subfield>
    <subfield code="b">ATENEOM</subfield>
    <subfield code="c">SPP2</subfield>
    <subfield code="d">2008-01-17</subfield>
    <subfield code="l">0</subfield>
    <subfield code="o">F-8635(4)</subfield>
    <subfield code="p">1165439</subfield>
    <subfield code="r">2023-02-23 00:00:00</subfield>
    <subfield code="w">2023-02-23</subfield>
    <subfield code="y">MONANT</subfield>
  </datafield>
</record>
